000 00645nam a22001817a 4500
003 AUA.1
005 20251028183344.0
008 250702b |||||||| |||| 00| 0 eng d
040 _cJTL
100 _aOwusu-Ansah, Philip
245 _aThe effect of working capital management on the profitability of selected manufacturing firms listed on the Ghana Stock Exchange between 2016-2021 /
_cPhilip Owusu-Ansah.
260 _cc2024
300 _aix, 90 leaves :
_bIllustrations :
_c30 cm.
610 _aGhana Stock Exchange
650 _aWorking capital
650 _aManufacturing industries
942 _2aua
_cPROJECT
_hMBA
_i.O98 2024
999 _c25155
_d25155